ბათუმის შოთა რუსთაველის სახელმწიფო უნივერსიტეტის ბიბლიოთეკა

Yedi İklim Türkçe : (ბიბ.ჩანაწერი № 61630)

000 -LEADER
fixed length control field 00639nam a22001697a 4500
005 - DATE AND TIME OF LATEST TRANSACTION
control field 20240402162935.0
008 - FIXED-LENGTH DATA ELEMENTS--GENERAL INFORMATION
fixed length control field 240402s2018 tu ||||| |||| 00| 0 tur d
020 ## - INTERNATIONAL STANDARD BOOK NUMBER
International Standard Book Number 9786052097014x
041 ## - LANGUAGE CODE
Language code of text/sound track or separate title tur
080 ## - UNIVERSAL DECIMAL CLASSIFICATION NUMBER
Universal Decimal Classification number 811.512.161 (075) Y-40
245 ## - TITLE STATEMENT
Title Yedi İklim Türkçe :
Remainder of title Türkçe öǧretim seti : Çalışma kitabı. C1 /
Statement of responsibility, etc. İbrahim Gültekin, Mahir Kalfa, İbrahim Atabey, Filiz Mete, Aydan Eryiğit, Uğur Kılıç.
264 ## - PRODUCTION, PUBLICATION, DISTRIBUTION, MANUFACTURE, AND COPYRIGHT NOTICE
Place of production, publication, distribution, manufacture Ankara,
Name of producer, publisher, distributor, manufacturer Yunus Emre Enstitüsü,
Date of production, publication, distribution, manufacture, or copyright notice 2018.
300 ## - PHYSICAL DESCRIPTION
Extent 91 p.
Other physical details il.;
Dimensions 30 cm.
653 ## - INDEX TERM--UNCONTROLLED
keyword თურქული ენა |
653 ## - INDEX TERM--UNCONTROLLED
keyword სამუშაო წიგნი
942 ## - ADDED ENTRY ELEMENTS (KOHA)
Source of classification or shelving scheme
Koha item type წიგნი
ეგზემპლარები
Withdrawn status Lost status Source of classification or shelving scheme Damaged status Not for loan Permanent Location Current Location Shelving location Date acquired Cost, normal purchase price Full call number Barcode Date last seen Copy number Price effective from Koha item type Public note
          ბათუმის შოთა რუსთაველის სახელმწიფო უნივერსიტეტის მთავარი ბიბლიოთეკა ბათუმის შოთა რუსთაველის სახელმწიფო უნივერსიტეტის მთავარი ბიბლიოთეკა წიგნსაცავი 2024-04-02 10.00 811.512.161 (075) Y-40 67772 2024-04-02 67772 2024-04-02 წიგნი 10 ლ.